| 000 | 00785nam a2200217Ia 4500 | ||
|---|---|---|---|
| 001 | 3080 | ||
| 003 | GE_BSU | ||
| 008 | 181216s||||||||xx |||||||||||||| ||und|| | ||
| 020 | _a5707500082 | ||
| 040 | _cGE_BSU | ||
| 080 | _a330.1(075ю8) | ||
| 245 | _aКурс экономической теории: учебник Московский государственный институт международных отношений МИД ГФ. | ||
| 245 | _cпод Обшей редакцией проф.М. Н. Чепурина,проф. Е. А. Киселевой; | ||
| 260 | _aКиров | ||
| 260 | _b,,АСА | ||
| 260 | _c1998 | ||
| 300 | _a624 ст. 20 см. | ||
| 541 | _h21 Л.95 Т. | ||
| 653 | _aКурс экономической теории: | ||
| 942 | _cBK | ||
| 999 |
_c37124 _d37124 |
||